[Event "Mislata op-C 23rd"]
[Site "Mislata"]
[Date "2015.08.12"]
[Round "4.1"]
[White "Rull Costa, Baltasar"]
[Black "Palomo Ruiperez, Bruno"]
[Result "0-1"]
[WhiteElo "1807"]
[BlackElo "1895"]
[PlyCount "86"]
[EventDate "2015.08.10"]
[EventType "swiss"]
[EventRounds "9"]
[EventCountry "ESP"]
[SourceTitle "EXT 2024"]
[Source "ChessBase"]
[SourceDate "2023.10.10"]
[SourceVersion "1"]
[SourceVersionDate "2023.10.10"]
[SourceQuality "1"]

1. e4 c5 2. c3 d6 3. d4 Nf6 4. Qd3 Qc7 5. Ne2 g6 6. g3 Bg7 7. Bg2 0-0 8. 0-0 e5 9. dxc5 dxc5 10. Rd1 Nc6 11. Na3 a6 12. Nc4 Be6 13. Ne3 Rfd8 14. Nd5 Qd7 15. Bg5 Bxd5 16. exd5 Qd6 17. Qc2 Ne7 18. h3 h6 19. Be3 Nf5 20. Qd2 Nxe3 21. Qxe3 Nd7 22. g4 f5 23. gxf5 gxf5 24. Qf3 f4 25. c4 Nf6 26. Nc3 Rab8 27. a4 b6 28. Re1 Re8 29. Bf1 Qd7 30. Bd3 Rbd8 31. Ne4 Nxe4 32. Bxe4 b5 33. axb5 axb5 34. b3 bxc4 35. bxc4 Ra8 36. Kh1 Rxa1 37. Rxa1 Rb8 38. Qh5 Qf7 39. Qg4 Qe7 40. Ra6 Qg5 41. Qe6+ Kh8 42. d6 f3 43. Ra1 Qg2# 0-1

[Event "Provincial-ch Valencia Primera"]
[Site "Valencia"]
[Date "2014.10.25"]
[Round "4.5"]
[White "Gonzalvez Tamarit, Ruben"]
[Black "Rull Costa, Baltasar"]
[Result "0-1"]
[WhiteElo "1821"]
[BlackElo "1747"]
[PlyCount "166"]
[EventDate "2014.09.27"]
[EventType "swiss"]
[EventRounds "7"]
[EventCountry "ESP"]
[SourceTitle "EXT 2024"]
[Source "ChessBase"]
[SourceDate "2023.10.10"]
[SourceVersion "1"]
[SourceVersionDate "2023.10.10"]
[SourceQuality "1"]

1. e4 d5 2. exd5 Nf6 3. Nc3 Nxd5 4. d4 Nxc3 5. bxc3 g6 6. Bc4 Bg7 7. Nf3 0-0 8. 0-0 c6 9. Bf4 Nd7 10. Qd2 Nb6 11. Bb3 Nd5 12. Bh6 Be6 13. Bxg7 Kxg7 14. Ng5 Bf5 15. Rfe1 Qd6 16. c4 Nc7 17. c5 Qf6 18. Ne4 Bxe4 19. Rxe4 e6 20. Qb4 Na6 21. Qc4 Rad8 22. c3 Rd7 23. Qe2 Nc7 24. Rb1 Rfd8 25. g3 Nb5 26. Qe3 Nc7 27. Rh4 h5 28. Rf4 Qe7 29. Re1 Nd5 30. Bxd5 cxd5 31. Qe5+ Kg8 32. Re3 Qf8 33. Qg5 Qg7 34. Rf6 Kh7 35. h3 Rf8 36. g4 Qh6 37. Qxh6+ Kxh6 38. Rexe6 fxe6 39. Rxf8 hxg4 40. hxg4 Kg7 41. Ra8 b6 42. Rc8 bxc5 43. Rxc5 Kf6 44. Kg2 Rb7 45. Rc6 Rb2 46. Ra6 Rc2 47. Ra3 Kg5 48. Kg3 Kf6 49. Kf3 a5 50. Ke3 Kg5 51. Kf3 Rc1 52. Kg3 Rg1+ 53. Kh3 Rxg4 54. f3 Rg1 55. Rxa5 Kf4 56. Ra6 Kxf3 57. Kh2 Rg2+ 58. Kh1 Rc2 59. Rxe6 g5 60. Re5 g4 61. Rf5+ Kg3 62. Rf1 Kh3 63. a4 Ra2 64. Kg1 Rxa4 65. Kf2 Ra2+ 66. Ke3 g3 67. Rf8 Rc2 68. Rh8+ Kg2 69. Kf4 Re2 70. Rg8 Re4+ 71. Kf5 Kf3 72. c4 Rxd4 73. c5 Rc4 74. Ke5 Rxc5 75. Rf8+ Ke3 76. Rg8 Kf2 77. Rf8+ Kg1 78. Kd4 Ra5 79. Rb8 g2 80. Ke3 Ra2 81. Kf3 d4 82. Rb6 Rd2 83. Rb3 Kh2 0-1

[Event "Mislata op-C 20th"]
[Site "Mislata"]
[Date "2012.08.17"]
[Round "7"]
[White "Rull Costa, Baltasar"]
[Black "Moreno Vicente, Jesus Miguel"]
[Result "0-1"]
[WhiteElo "1797"]
[BlackElo "1754"]
[PlyCount "88"]
[EventDate "2012.08.13"]
[EventType "swiss"]
[EventRounds "9"]
[EventCountry "ESP"]
[SourceTitle "EXT 2013"]
[Source "ChessBase"]
[SourceDate "2012.11.22"]
[SourceVersion "1"]
[SourceVersionDate "2012.11.22"]
[SourceQuality "1"]

1. e4 c5 2. c3 b6 3. d4 Bb7 4. Bd3 cxd4 5. cxd4 Nf6 6. Nc3 Nc6 7. Nf3 e6 8. 0-0 Bb4 9. d5 Ne7 10. Nb5 a6 11. d6 axb5 12. e5 Bxd6 13. exd6 Ng6 14. Bxb5 0-0 15. h4 Ra5 16. a4 Qa8 17. Bd2 Bxf3 18. Qxf3 Qxf3 19. gxf3 Ra7 20. Rfc1 Nxh4 21. Be2 Nf5 22. b3 Nd4 23. Bd1 Nd5 24. Rc4 Nf5 25. Kg2 Nxd6 26. Rh4 Nf5 27. Rc4 Raa8 28. Be2 Rfc8 29. Rac1 Nd6 30. Rxc8+ Rxc8 31. Rxc8+ Nxc8 32. Bb5 d6 33. b4 Kf8 34. a5 bxa5 35. bxa5 Na7 36. Ba6 Nc7 37. Bb7 Ke7 38. Be3 Ncb5 39. Bb6 Kd7 40. f4 f5 41. f3 d5 42. Kf2 h5 43. a6 d4 44. Kg3 Nc3 0-1

[Event "Provincial-ch Valencia Primera"]
[Site "Valencia"]
[Date "2010.10.23"]
[Round "3"]
[White "Martinez Hernandez, Paula"]
[Black "Rull Costa, Baltasar"]
[Result "1-0"]
[WhiteElo "1653"]
[BlackElo "1782"]
[PlyCount "93"]
[EventDate "2010.10.02"]
[EventType "swiss"]
[EventRounds "7"]
[EventCountry "ESP"]
[SourceTitle "EXT 2024"]
[Source "ChessBase"]
[SourceDate "2023.10.10"]
[SourceVersion "1"]
[SourceVersionDate "2023.10.10"]
[SourceQuality "1"]

1. e4 e5 2. Nf3 Nc6 3. Bc4 Nf6 4. Ng5 d5 5. exd5 Nd4 6. c3 b5 7. Bf1 Nxd5 8. Nxf7 Kxf7 9. cxd4 Qf6 10. Qh5+ g6 11. Qxe5 Qxe5+ 12. dxe5 Nb4 13. Na3 a6 14. Be2 Bf5 15. 0-0 Bc5 16. g4 Bd3 17. Bxd3 Nxd3 18. Nc2 Bb6 19. b3 Rhf8 20. Ba3 Rfe8 21. Kg2 Rxe5 22. Nb4 Nf4+ 23. Kf3 Ne2 24. Bb2 Re6 25. Nd5 Bd4 26. Nxc7 Bxb2 27. Nxe6 Bxa1 28. Rxa1 Kxe6 29. Kxe2 Rc8 30. Re1 Kf6 31. Kd3 h5 32. gxh5 gxh5 33. Re4 Kf5 34. Rd4 Rc6 35. h3 Kg5 36. h4+ Kf5 37. a4 bxa4 38. Rxa4 Rd6+ 39. Rd4 Rxd4+ 40. Kxd4 Kg4 41. Ke5 Kxh4 42. f4 Kg3 43. f5 h4 44. f6 h3 45. f7 h2 46. f8Q h1Q 47. Qf4+ 1-0

[Event "Mislata op-C"]
[Site "Mislata"]
[Date "2010.08.22"]
[Round "9"]
[White "Rull Costa, Baltasar"]
[Black "Fuset Torralba, Jose Luis"]
[Result "1/2-1/2"]
[WhiteElo "1772"]
[BlackElo "1878"]
[PlyCount "38"]
[EventDate "2010.08.16"]
[EventType "swiss"]
[EventRounds "9"]
[EventCountry "ESP"]
[SourceTitle "EXT 2012"]
[Source "ChessBase"]
[SourceDate "2011.11.24"]
[SourceVersion "1"]
[SourceVersionDate "2011.11.24"]
[SourceQuality "1"]

1. e4 c6 2. d4 d5 3. exd5 cxd5 4. c4 Nf6 5. Nc3 e6 6. Nf3 Nc6 7. Be2 Be7 8. 0-0 0-0 9. Re1 a6 10. Bg5 dxc4 11. Bxc4 b5 12. Bb3 Bb7 13. Bc2 Nb4 14. Bb3 Nbd5 15. Rc1 Rc8 16. Re2 h6 17. Bh4 b4 18. Nxd5 Bxd5 19. Bxd5 Qxd5 1/2-1/2

[Event "Mislata op-C"]
[Site "Mislata"]
[Date "2010.08.20"]
[Round "7"]
[White "Medialdea Fernandez, Hernando"]
[Black "Rull Costa, Baltasar"]
[Result "0-1"]
[WhiteElo "1896"]
[BlackElo "1772"]
[PlyCount "56"]
[EventDate "2010.08.16"]
[EventType "swiss"]
[EventRounds "9"]
[EventCountry "ESP"]
[SourceTitle "EXT 2012"]
[Source "ChessBase"]
[SourceDate "2011.11.24"]
[SourceVersion "1"]
[SourceVersionDate "2011.11.24"]
[SourceQuality "1"]

1. Nf3 Nf6 2. d4 c5 3. g3 e6 4. Bg2 d5 5. 0-0 Nc6 6. b3 Bd6 7. Bb2 0-0 8. Nbd2 cxd4 9. Nxd4 Nxd4 10. Bxd4 e5 11. Bb2 Qe7 12. c4 d4 13. Ne4 Nxe4 14. Bxe4 Bh3 15. Bg2 Bxg2 16. Kxg2 Rad8 17. Qd3 f6 18. a3 Kh8 19. b4 e4 20. Qxd4 Bxb4 21. Qxa7 Bc5 22. Qa5 e3 23. Qe1 exf2 24. Rxf2 Bxf2 25. Kxf2 Qc5+ 26. e3 Qxc4 27. Rc1 Qd5 28. Rc2 Qf5+ 0-1

[Event "Provincial-ch Valencia Primera"]
[Site "Valencia"]
[Date "2009.11.21"]
[Round "7"]
[White "Mateu Pla, Sergio"]
[Black "Rull Costa, Baltasar"]
[Result "1/2-1/2"]
[WhiteElo "1907"]
[BlackElo "1846"]
[PlyCount "37"]
[EventDate "2009.10.03"]
[EventType "swiss"]
[EventRounds "7"]
[EventCountry "ESP"]
[SourceTitle "EXT 2024"]
[Source "ChessBase"]
[SourceDate "2023.10.10"]
[SourceVersion "1"]
[SourceVersionDate "2023.10.10"]
[SourceQuality "1"]

1. e4 d5 2. d4 dxe4 3. Nc3 Nf6 4. f3 e3 5. Bxe3 c6 6. Bd3 e6 7. Nge2 Nd5 8. Nxd5 exd5 9. Qd2 Na6 10. c3 Bd6 11. 0-0-0 Nc7 12. Ng3 Be6 13. f4 f6 14. f5 Bf7 15. Bf4 Qd7 16. Rde1+ Kd8 17. Re2 Re8 18. Rhe1 Rxe2 19. Nxe2 1/2-1/2